000 00641nam a2200241Ia 4500
001 49855
005 20240114004008.0
007 ta
008 090601s967- g b000 u 465 u
040 _aCotton College,Assam
041 _a465
082 _a070
_bBAR
100 _aBaruah, H. K. .
245 0 _aJournal of the University of Gauhati Vol. XVIII-XIX /
_cH. K. Baruah.
_hTextual Documents
250 _a1st ed /
260 _aGuwahati :
_bGauhati University ,
_c1967-68.
300 _a294p ;
_c28 cm.
653 _aJournals
653 _aBV-Science
942 _2ddc
_cBK
999 _c49820
_d49820